[Event "Superettan(Manhem II-Mark)"]
[Site "?"]
[Date "2009.12.05"]
[Round "3"]
[White "Kasib, Laith"]
[Black "Abdollahzadeh, Arash"]
[Result "0-1"]
[WhiteElo "2189"]
[BlackElo "2300"]
[PlyCount "84"]

1. d4 f5 2. Bg5 g6 3. Nc3 Bg7 4. e4 fxe4 5. Nxe4 d5 6. Nc5 b6 7. Nb3 Nh6 8. Qd2
Nf7 9. h4 O-O 10. Bd3 c5 11. c4 cxd4 12. Nf3 h6 13. Bxg6 hxg5 14. hxg5 Nh8 15.
Bh7+ Kf7 16. Nbxd4 e5 17. Nf5 Bxf5 18. Bxf5 Ke7 19. g4 e4 20. Rh7 exf3 21.
Rxg7+ Rf7 22. Rxf7+ Kxf7 23. cxd5 Nd7 24. O-O-O Qc7+ 25. Kb1 Qd6 26. Be6+ Kg7
27. Qd4+ Ne5 28. Qf4 Rf8 29. Qh2 Nef7 30. Qh5 Qf4 31. Rh1 Qxg5 32. Qh7+ Kf6 33.
Rh3 Qf4 34. Rh5 Ng5 35. Rh6+ Ke5 36. Qc7+ Kd4 37. Qc3+ Ke4 38. Qc2+ Ke5 39.
Qc3+ Qd4 40. Rh5 Qxc3 41. Rxg5+ Kf4 42. bxc3 Kxg5 0-1

[Event "Superettan(Manhem II-Mark)"]
[Site "?"]
[Date "2009.12.05"]
[Round "3"]
[White "Sixtensson, Mikael"]
[Black "Larsson, Dan"]
[Result "1-0"]
[WhiteElo "2261"]
[BlackElo "2113"]
[PlyCount "113"]
[SourceDate "2009.12.06"]

1. Nf3 d5 2. c4 c6 3. e3 Nf6 4. d4 Bf5 5. Nc3 e6 6. Bd3 Bxd3 7. Qxd3 Nbd7 8.
O-O Be7 9. b3 O-O 10. Bb2 Re8 11. Rac1 Rc8 12. Rfd1 Qb6 13. e4 dxe4 14. Nxe4
Nxe4 15. Qxe4 Nf6 16. Qe2 Rcd8 17. Rd3 c5 18. Rcd1 cxd4 19. Bxd4 Qa5 20. Ne5
Bd6 21. Nxf7 Kxf7 22. Bxf6 Bxh2+ 23. Kxh2 gxf6 24. g3 Rxd3 25. Qxd3 Qh5+ 26.
Kg1 f5 27. Qd7+ Re7 28. Qd8 Qg5 29. Qb8 a6 30. Rd8 Qg7 31. Qd6 h5 32. Rb8 Kg6
33. Kg2 Kh7 34. Qf4 Qg6 35. Qh4 Rg7 36. Qf4 Qf7 37. Rd8 Kg6 38. Rd6 Qf6 39. c5
h4 40. Qxh4 Qxh4 41. gxh4 Kf6+ 42. Kf3 Ke5 43. Rd1 Rg4 44. Rh1 Rf4+ 45. Ke3
Re4+ 46. Kd3 Rd4+ 47. Kc3 Rd8 48. h5 Kf4 49. h6 Kf3 50. h7 Rh8 51. Rh2 e5 52.
Kd2 f4 53. b4 e4 54. a4 Rxh7 55. Rxh7 Kxf2 56. Re7 e3+ 57. Kd3 1-0

[Event "Superettan(Manhem II-Mark)"]
[Site "?"]
[Date "2009.12.05"]
[Round "3"]
[White "Oscarsson, Bo-Lennart"]
[Black "Pettersson, Anders"]
[Result "1-0"]
[WhiteElo "2172"]
[BlackElo "2103"]
[PlyCount "85"]

1. e4 c6 2. d4 d5 3. e5 Bf5 4. Nc3 e6 5. g4 Bg6 6. Nge2 h6 7. h4 c5 8. Be3 Nc6
9. h5 Bh7 10. Rh3 Qb6 11. Na4 Qa5+ 12. c3 c4 13. f4 Qc7 14. b3 b5 15. Nc5 Bxc5
16. dxc5 f6 17. Nd4 Nxd4 18. Bxd4 Be4 19. a4 fxe5 20. Bxe5 Qxc5 21. Bxg7 Rh7
22. Bd4 Qf8 23. Be5 Nf6 24. axb5 Nd7 25. bxc4 Nxe5 26. fxe5 Qf4 27. Qd4 Rf7 28.
Be2 dxc4 29. b6 a6 30. Bxc4 Qxg4 31. Bxe6 Qxe6 32. Qxe4 Rd8 33. Rg3 Qxb6 34.
Rg8+ Rf8 35. Qg6+ Qxg6 36. Rxg6 Rd5 37. Re6+ Kf7 38. Raxa6 Rc8 39. Rf6+ Kg7 40.
Rg6+ Kf7 41. Raf6+ Ke7 42. Rg7+ Kd8 43. Rf8# 1-0

[Event "Superettan(Manhem II-Mark)"]
[Site "?"]
[Date "2009.12.05"]
[Round "3"]
[White "Eriksson, Mats"]
[Black "Olofsson, Hans-Erik"]
[Result "1-0"]
[WhiteElo "2080"]
[BlackElo "2169"]
[PlyCount "61"]

1. e4 c5 2. c3 d5 3. exd5 Qxd5 4. d4 Nc6 5. Be3 cxd4 6. cxd4 e5 7. Nc3 Bb4 8.
Nge2 exd4 9. Nxd4 Bxc3+ 10. bxc3 a6 11. Be2 Ne5 12. O-O Nf6 13. Qb3 O-O 14. c4
Qa5 15. Nf3 Nc6 16. Bb6 Qb4 17. Qxb4 Nxb4 18. Bc5 Re8 19. Bd1 Nc6 20. Ba4 Re4
21. Nd2 Re6 22. Rfd1 Bd7 23. Nf3 Be8 24. Rab1 Na5 25. Bxe8 Raxe8 26. Rd4 Rc6
27. Ba7 Rxc4 28. Rxc4 Nxc4 29. Rxb7 Nd2 30. Nxd2 Re1+ 31. Nf1 1-0

[Event "Superettan(Manhem II-Mark)"]
[Site "?"]
[Date "2009.12.05"]
[Round "3"]
[White "Voigt, Lennart"]
[Black "Outgajjouft, Said"]
[Result "1-0"]
[WhiteElo "2127"]
[BlackElo "2091"]
[PlyCount "103"]
[EventDate "2009.??.??"]

1. d4 Nf6 2. Nf3 g6 3. c4 Bg7 4. Nc3 d6 5. Bf4 O-O 6. e3 c6 7. Be2 Qa5 8. O-O
Bg4 9. h3 Bxf3 10. Bxf3 Nbd7 11. Rb1 Qb4 12. Qd3 c5 13. a3 Qb6 14. b4 cxd4 15.
exd4 e5 16. Be3 exd4 17. Bxd4 Ne5 18. Bxe5 dxe5 19. Rfd1 a5 20. c5 Qa7 21. Nb5
Qa6 22. Nd6 axb4 23. axb4 e4 24. Nxe4 Nxe4 25. Bxe4 Rab8 26. b5 Qa7 27. Qc4
Rbc8 28. b6 Qa3 29. c6 bxc6 30. b7 Rb8 31. Bxc6 Qc3 32. Qe4 Qe5 33. Rd7 Qxe4
34. Bxe4 Be5 35. Bd5 Kg7 36. Re1 Bf6 37. Rc1 Be5 38. Kf1 Rbd8 39. Be6 Rxd7 40.
Bxd7 Kf6 41. Bc8 Rd8 42. Rb1 Bb8 43. Ra1 Ke7 44. Ra8 Bc7 45. Ke2 Kd6 46. Kf3 h6
47. g4 Re8 48. h4 Kc6 49. Ra6+ Kb5 50. Rf6 Re7 51. h5 Re5 52. Rxf7 1-0

[Event "Superettan(Manhem II-Mark)"]
[Site "?"]
[Date "2009.12.05"]
[Round "3"]
[White "von Bromssen, Goran"]
[Black "Kleimark, Anders"]
[Result "1-0"]
[WhiteElo "2047"]
[BlackElo "1993"]
[PlyCount "113"]

1. d4 Nf6 2. c4 e6 3. g3 Bb4+ 4. Bd2 Qe7 5. Bg2 Nc6 6. Nf3 Bxd2+ 7. Nbxd2 d6 8.
O-O a5 9. e4 e5 10. d5 Nb8 11. Ne1 O-O 12. Nd3 Bg4 13. Qc2 Be2 14. Rfe1 Bxd3
15. Qxd3 Na6 16. Nf1 Nc5 17. Qc2 Qd7 18. b3 g6 19. Rad1 Nh5 20. Ne3 Ng7 21. f4
exf4 22. gxf4 Rae8 23. h3 f5 24. exf5 Nxf5 25. Nxf5 Rxf5 26. Rf1 Qe7 27. Qf2
Qe3 28. Qxe3 Rxe3 29. Rd4 Kg7 30. Bf3 h5 31. Kf2 Re7 32. Rg1 Ref7 33. Ke3 Re7+
34. Kf2 Nd7 35. h4 Ref7 36. Kg3 Re7 37. Kf2 b6 38. Re1 Rxe1 39. Kxe1 Nc5 40.
Kf2 Rf7 41. Be2 Kf6 42. Kf3 Kf5 43. Bd1 Re7 44. Bc2+ Kf6 45. Rd1 Nd7 46. Rg1
Nf8 47. Bd3 Rf7 48. Rg5 Rg7 49. f5 Nd7 50. fxg6 Ne5+ 51. Ke2 Nxd3 52. Kxd3 Ke7
53. Ke4 Kf6 54. Rf5+ Kxg6 55. Rg5+ Kf7 56. Rxg7+ Kxg7 57. Kf5 1-0

[Event "Superettan(SodraSASS-En Passant)"]
[Site "?"]
[Date "2009.12.05"]
[Round "3"]
[White "Unmack, Christian"]
[Black "Furhoff, Johan"]
[Result "0-1"]
[WhiteElo "2219"]
[BlackElo "2411"]
[PlyCount "50"]
[EventDate "2009.??.??"]
[SourceDate "2009.12.09"]

1. e4 Nc6 2. Nf3 e5 3. Bc4 Nf6 4. d3 Be7 5. Nc3 d6 6. a3 O-O 7. h3 Be6 8. Be3
Bxc4 9. dxc4 a6 10. Qd2 b5 11. cxb5 axb5 12. Nxb5 Qb8 13. c4 Na5 14. Qb4 Nxe4
15. Nxe5 c5 16. Qxa5 Rxa5 17. Nc6 Rxb5 18. Nxe7+ Kh8 19. cxb5 Qxb5 20. a4 Qb4+
21. Ke2 Re8 22. Nf5 g6 23. Nh6 Qxb2+ 24. Kf3 Qf6+ 25. Ke2 d5 0-1

[Event "Superettan(SodraSASS-En Passant)"]
[Site "?"]
[Date "2009.12.05"]
[Round "3"]
[White "Sjoberg, Mats"]
[Black "Mansson, Peter"]
[Result "1-0"]
[WhiteElo "2358"]
[BlackElo "2069"]
[PlyCount "80"]

1. Nf3 f5 2. b3 Nf6 3. Bb2 g6 4. g3 b6 5. d3 Bb7 6. Nbd2 Bg7 7. e4 fxe4 8. dxe4
O-O 9. Bg2 Na6 10. e5 Ng4 11. O-O Rf5 12. Nh4 Bxg2 13. Nxf5 Bxf1 14. Nxg7 Bh3
15. f3 Ne3 16. Qe2 Nxc2 17. e6 dxe6 18. Nxe6 Qd6 19. Ne4 Qxe6 20. Qxc2 Rf8 21.
Qc3 Rf6 22. Nxf6+ exf6 23. Re1 Qd6 24. Qxf6 Qxf6 25. Bxf6 Nb4 26. Re7 Nxa2 27.
Rg7+ Kf8 28. Rxc7 Be6 29. Rxa7 Bxb3 30. Rb7 Bd5 31. Rxb6 Bxf3 32. Bb2 Bd5 33.
Kf2 Kf7 34. Ke3 h5 35. Kd4 Be6 36. Ke5 Bc4 37. Rb7+ Ke8 38. Kf6 Bd3 39. Bd4 Be4
40. Re7+ Kd8 1-0

[Event "Superettan(SodraSASS-En Passant)"]
[Site "?"]
[Date "2009.12.05"]
[Round "3"]
[White "Carlsson, Christofer"]
[Black "Winge, Stefan"]
[Result "0-1"]
[WhiteElo "2144"]
[BlackElo "2315"]
[PlyCount "145"]

1. d4 Nf6 2. c4 g6 3. Nc3 d5 4. cxd5 Nxd5 5. e4 Nxc3 6. bxc3 Bg7 7. Bc4 Nc6 8.
Ne2 O-O 9. O-O b6 10. Be3 Na5 11. Bd3 c5 12. e5 Bb7 13. Ng3 Rc8 14. Rc1 cxd4
15. cxd4 Rxc1 16. Qxc1 Qd7 17. Be4 Rc8 18. Qb1 Nc4 19. Bxb7 Qxb7 20. Bf4 Rd8
21. Qb5 Qd5 22. Qxd5 Rxd5 23. Ne2 Ra5 24. Rc1 b5 25. Rc2 h6 26. g3 Nb6 27. Nc3
b4 28. Ne4 Nd5 29. Bd2 Rb5 30. Nc5 a5 31. Nd3 g5 32. f4 gxf4 33. gxf4 e6 34.
Kf2 Kh7 35. Kf3 Bf8 36. Rc8 Be7 37. Ke4 a4 38. Ra8 a3 39. Nc1 Rb7 40. Kd3 Rc7
41. Rb8 h5 42. Nb3 Nc3 43. Nc5 Nxa2 44. Bxb4 Nxb4+ 45. Rxb4 Bxc5 46. dxc5 Rxc5
47. Ra4 Kg6 48. Rxa3 Kf5 49. Ke3 Rc4 50. Ra7 Re4+ 51. Kd3 Rxf4 52. Rxf7+ Kxe5
53. Ra7 Rf3+ 54. Kc4 Rh3 55. Ra2 Kf4 56. Rf2+ Rf3 57. Rg2 e5 58. Rg7 h4 59. Kd5
Rd3+ 60. Kc4 Rd2 61. h3 Rd4+ 62. Kc3 Ke3 63. Rg5 Re4 64. Rf5 Ke2 65. Kc2 Re3
66. Kc1 Kd3 67. Rh5 Re4 68. Kd1 Ke3 69. Rf5 Rd4+ 70. Ke1 e4 71. Rh5 Ra4 72. Kd1
Kd3 73. Rd5+ 0-1

[Event "Superettan(SodraSASS-En Passant)"]
[Site "?"]
[Date "2009.12.05"]
[Round "3"]
[White "Holmqvist, Gunnar"]
[Black "Clementsson, Jan"]
[Result "1/2-1/2"]
[WhiteElo "2249"]
[BlackElo "2116"]
[PlyCount "29"]

1. Nf3 Nf6 2. c4 e6 3. Nc3 b6 4. g3 Bb7 5. Bg2 Be7 6. d4 O-O 7. O-O Ne4 8. Nxe4
Bxe4 9. Ne1 Bxg2 10. Nxg2 d6 11. b3 Nd7 12. Bb2 Bf6 13. Qd2 Qe7 14. Ne3 g6 15.
Ng2 1/2-1/2

[Event "Superettan(SodraSASS-En Passant)"]
[Site "?"]
[Date "2009.12.05"]
[Round "3"]
[White "Johansson, Roland"]
[Black "Adler, Bo"]
[Result "0-1"]
[WhiteElo "2013"]
[BlackElo "2221"]
[PlyCount "84"]

1. e4 e5 2. f4 exf4 3. Nf3 d5 4. exd5 Nf6 5. c4 c6 6. d4 Bb4+ 7. Nc3 O-O 8.
dxc6 Nxc6 9. d5 Qe7+ 10. Be2 Ne5 11. O-O Nxf3+ 12. Rxf3 Re8 13. d6 Bxd6 14.
Bxf4 Bc5+ 15. Kf1 Bg4 16. Rd3 Bf5 17. Bd6 Bxd6 18. Rxd6 Ne4 19. Nxe4 Bxe4 20.
Rd2 Rad8 21. Rxd8 Rxd8 22. Qe1 Qf6+ 23. Qf2 Qxb2 24. Re1 Qxa2 25. Qh4 Re8 26.
Kg1 Bc6 27. Bf1 Rxe1 28. Qxe1 Qb2 29. Qe7 Qd4+ 30. Kh1 Qd1 31. Kg1 Qd4+ 32. Kh1
Qd1 33. Kg1 h6 34. h3 Qd4+ 35. Kh2 a5 36. Qa3 a4 37. Qg3 g6 38. Be2 Kg7 39. Bf3
a3 40. Bxc6 a2 41. Bxb7 a1=Q 42. Bd5 Qag1# 0-1

[Event "Superettan(SodraSASS-En Passant)"]
[Site "?"]
[Date "2009.12.05"]
[Round "3"]
[White "Johansson, Per"]
[Black "Akervall, Nils"]
[Result "1-0"]
[WhiteElo "2025"]
[BlackElo "1972"]
[PlyCount "125"]

1. d4 d6 2. Nf3 g6 3. c4 Bg7 4. g3 Nc6 5. Bg2 e5 6. d5 Nce7 7. O-O h6 8. Nc3 f5
9. e4 Nf6 10. Ne1 fxe4 11. Nxe4 Nxe4 12. Bxe4 Bf5 13. Bg2 Qd7 14. Be3 Bh3 15.
Nd3 Bxg2 16. Kxg2 Nf5 17. Qe2 O-O 18. Rab1 c6 19. Nb4 a5 20. dxc6 bxc6 21. Nc2
Nd4 22. Bxd4 exd4 23. Qe4 Qf5 24. Qxf5 Rxf5 25. Ne1 c5 26. Nd3 d5 27. Rbc1 Rb8
28. g4 Rg5 29. f3 dxc4 30. Rxc4 Rd5 31. b3 Re8 32. Rxc5 Rxc5 33. Nxc5 Re3 34.
Rf2 Bf8 35. Nd7 Be7 36. Rd2 d3 37. Kf2 Bg5 38. Nf6+ Kf7 39. Ne4 Bf4 40. Nd6+
Ke6 41. Nc4 Re2+ 42. Rxe2+ dxe2 43. h3 Kd5 44. Kxe2 Bc7 45. Kd3 g5 46. Ne3+ Ke5
47. Kc4 Bb6 48. Nd5 Bf2 49. a3 Ke6 50. b4 axb4 51. axb4 Ke5 52. b5 Kd6 53. Nf6
Ke5 54. Ne4 Be3 55. Kd3 Kf4 56. Ng3 Bb6 57. Nf5 Kxf3 58. Nxh6 Kg3 59. Ke4 Kxh3
60. Kf5 Kh4 61. Nf7 Be3 62. Ne5 Kg3 63. Nd7 1-0

[Event "Superettan(SodraSASS-En Passant)"]
[Site "?"]
[Date "2009.12.05"]
[Round "3"]
[White "Karlsson, Anders"]
[Black "Alqvist, Erik"]
[Result "0-1"]
[WhiteElo "1918"]
[BlackElo "1970"]
[PlyCount "88"]

1. e4 d6 2. d4 Nf6 3. Nc3 g6 4. Be3 Bg7 5. Be2 O-O 6. Qd2 c6 7. h4 h5 8. Bh6 b5
9. Bxg7 Kxg7 10. Bd3 Nbd7 11. Nf3 e5 12. dxe5 Nxe5 13. Nxe5 dxe5 14. a4 Bb7 15.
f3 a6 16. Ne2 Nd7 17. g4 Rh8 18. O-O-O Nc5 19. Ng3 hxg4 20. h5 gxf3 21. hxg6
Nxd3+ 22. cxd3 Rxh1 23. Rxh1 fxg6 24. Qh6+ Kf6 25. Nh5+ Ke6 26. Qxg6+ Kd7 27.
Qf5+ Kc7 28. Qxe5+ Kb6 29. d4 Qf8 30. Nf6 Rd8 31. axb5 axb5 32. Qf5 Qd6 33. Rd1
Qb4 34. Qxf3 Rxd4 35. Qe3 Qc5+ 36. Qc3 Qg5+ 37. Kc2 Rc4 38. Nd7+ Kc7 39. Qxc4
bxc4 40. e5 Qf5+ 41. Kc3 Qf3+ 42. Kc2 Qb3+ 43. Kc1 Bc8 44. Nc5 Qe3+ 0-1

[Event "Superettan(SodraSASS-En Passant)"]
[Site "?"]
[Date "2009.12.05"]
[Round "3"]
[White "Ovaskainen, Jorma"]
[Black "Sjofors, Holger"]
[Result "1/2-1/2"]
[WhiteElo "1978"]
[BlackElo "1914"]
[PlyCount "63"]

1. d4 e5 2. dxe5 Nc6 3. Nf3 Qe7 4. Qd5 f6 5. exf6 Nxf6 6. Qb3 d5 7. e3 Bd7 8.
Nc3 Na5 9. Qa3 Qxa3 10. bxa3 c6 11. Bd3 Bd6 12. O-O O-O 13. Bb2 b5 14. e4 Ng4
15. exd5 Rxf3 16. gxf3 Nxh2 17. Kg2 Nxf1 18. Rxf1 Rf8 19. dxc6 Bxc6 20. Be4 Be5
21. Na4 Bxb2 22. Nxb2 Rd8 23. Rb1 Be8 24. Nd3 Nc4 25. a4 Nd2 26. Re1 bxa4 27.
Bd5+ Rxd5 28. Rxe8+ Kf7 29. Rc8 Rg5+ 30. Kh3 Nxf3 31. Rc7+ Kf8 32. Rxa7 1/2-1/2

[Event "Superettan(Rockaden,Sthlm II-Rodeby)"]
[Site "?"]
[Date "2009.12.05"]
[Round "3"]
[White "Svensson, Anders"]
[Black "Sandbom, Jonas"]
[Result "1/2-1/2"]
[WhiteElo "2350"]
[BlackElo "2214"]
[PlyCount "84"]
[EventDate "2009.??.??"]

1. c4 Nf6 2. g3 e6 3. Nf3 d5 4. d4 dxc4 5. Qa4+ Bd7 6. Qxc4 Bc6 7. Bg2 Qd5 8.
Qc2 Qf5 9. Qxf5 exf5 10. O-O Nbd7 11. Nc3 Bd6 12. Bf4 Bxf4 13. gxf4 O-O-O 14.
Rfc1 Nd5 15. e3 f6 16. Nd2 N7b6 17. Nxd5 Bxd5 18. Rc5 Bxg2 19. Kxg2 Rd5 20. Rc3
Rd7 21. a4 Nd5 22. Rc4 a5 23. Nb3 b6 24. Nc1 Re8 25. Ra3 Re6 26. h4 Kb7 27. Kf3
Rdd6 28. Nd3 Rc6 29. b3 Red6 30. Ra1 Rxc4 31. bxc4 Nc3 32. c5 Rd5 33. Ra3 Ne4
34. cxb6 cxb6 35. Ke2 Rd8 36. f3 Nd6 37. Rb3 Ka6 38. d5 Rc8 39. Kd1 Rc4 40. Ra3
Kb7 41. Ra2 Ka6 42. h5 Rc3 1/2-1/2

[Event "Superettan(Rockaden,Sthlm II-Rodeby)"]
[Site "?"]
[Date "2009.12.05"]
[Round "3"]
[White "Backman, Michael"]
[Black "Greiff, Hakan"]
[Result "0-1"]
[WhiteElo "2182"]
[BlackElo "2292"]
[PlyCount "138"]
[EventDate "2009.??.??"]

1. d4 d5 2. c4 e6 3. Nc3 Nf6 4. cxd5 exd5 5. Bg5 c6 6. e3 Be7 7. Qc2 O-O 8. Bd3
Nbd7 9. Nge2 Re8 10. O-O Nf8 11. Rad1 Ng6 12. f3 Be6 13. h3 Rc8 14. Ng3 c5 15.
Nf5 c4 16. Nxe7+ Nxe7 17. Be2 Nd7 18. Bh4 f6 19. g4 a6 20. f4 b5 21. a3 Qb6 22.
Bf3 a5 23. Qg2 b4 24. axb4 axb4 25. Nxd5 Nxd5 26. Bxd5 Qd6 27. Bb7 Nb6 28. Bxc8
Bd5 29. Qf2 Rxc8 30. Bg3 c3 31. bxc3 bxc3 32. f5 Qe7 33. Qf4 Nc4 34. Rb1 Nb2
35. Kh2 Nd3 36. Rb8 Nxf4 37. Rxc8+ Kf7 38. Bxf4 Qe4 39. Rg1 c2 40. Rc7+ Ke8 41.
g5 fxg5 42. Bxg5 Qd3 43. e4 Bxe4 44. Re1 Qf3 45. Rxc2 Kd7 46. Rce2 Bxf5 47. Rg2
Qxh3+ 48. Kg1 h6 49. Re7+ Kc6 50. Rxg7 hxg5 51. R7xg5 Qe3+ 52. Kh2 Be4 53. d5+
Kd6 54. Rg1 Qf2+ 55. Kh3 Bf5+ 56. R1g4 Qf3+ 57. Kh4 Bxg4 58. Rxg4 Ke5 59. d6
Kxd6 60. Rg6+ Ke5 61. Rg5+ Kf6 62. Rg6+ Kf7 63. Rg4 Qe3 64. Kh5 Kf6 65. Rf4+
Ke5 66. Rg4 Kf5 67. Kh4 Qf2+ 68. Kh3 Qf3+ 69. Rg3 Qh1# 0-1

[Event "Superettan(Rockaden,Sthlm II-Rodeby)"]
[Site "?"]
[Date "2009.12.05"]
[Round "3"]
[White "Wahlbom, Magnus"]
[Black "Todorovic, Zoran"]
[Result "0-1"]
[WhiteElo "2253"]
[BlackElo "2168"]
[PlyCount "96"]
[SourceDate "2009.12.09"]

1. e4 c5 2. Nf3 d6 3. d4 cxd4 4. Nxd4 Nf6 5. Nc3 g6 6. h3 Bg7 7. g4 O-O 8. Bg2
Nc6 9. Nde2 Bd7 10. O-O h5 11. g5 Ne8 12. Be3 a6 13. Nd5 b5 14. Nb6 Rb8 15.
Nxd7 Qxd7 16. Rb1 Nc7 17. Qd2 b4 18. f4 Nb5 19. f5 Rfc8 20. Nf4 Ne5 21. Qe2 Nc4
22. Bc1 Nd4 23. Qf2 e5 24. Nd5 Nb6 25. Nf6+ Bxf6 26. gxf6 Rxc2 27. Qe3 Ne2+ 28.
Kh1 Nf4 29. Rxf4 exf4 30. Qxf4 Qe8 31. Qg5 Nd7 32. Bf4 Ne5 33. Rf1 Rb7 34. fxg6
fxg6 35. Bxe5 dxe5 36. f7+ Rxf7 37. Qxg6+ Kf8 38. Qh6+ Ke7 39. Qg5+ Kd7 40.
Rd1+ Kc7 41. Qe3 Qb5 42. Qb3 Qc4 43. Qg3 Qc5 44. Qg5 Rd7 45. Rd5 Rc1+ 46. Kh2
Qg1+ 47. Kg3 h4+ 48. Kxh4 Qf2+ 0-1

[Event "Superettan(Rockaden,Sthlm II-Rodeby)"]
[Site "?"]
[Date "2009.12.05"]
[Round "3"]
[White "Eriksson, Dan"]
[Black "Laksman, Efraim"]
[Result "0-1"]
[WhiteElo "2152"]
[BlackElo "2247"]
[PlyCount "76"]
[SourceDate "2009.12.09"]

1. e4 c5 2. c3 d5 3. exd5 Qxd5 4. d4 Nc6 5. Nf3 Bg4 6. Be2 cxd4 7. cxd4 e6 8.
Nc3 Bb4 9. O-O Qa5 10. Qd3 Nf6 11. a3 Bxc3 12. bxc3 O-O 13. c4 Rfd8 14. Be3 e5
15. d5 e4 16. Qb3 exf3 17. gxf3 Bh3 18. dxc6 Bxf1 19. Bxf1 bxc6 20. Qb4 Qf5 21.
Qa4 Nd7 22. Bg2 Qg6 23. f4 Nb6 24. Qa6 h6 25. Rc1 Rac8 26. a4 Rc7 27. Bxb6 axb6
28. Qxb6 Rcd7 29. Rf1 Rd1 30. Qb3 Qg4 31. Qf3 Rxf1+ 32. Kxf1 Rd1+ 33. Ke2 Qd7
34. Qe3 Rb1 35. Kf3 Qd1+ 36. Ke4 Rb8 37. Qf3 Re8+ 38. Kf5 Qd7# 0-1

[Event "Superettan(Rockaden,Sthlm II-Rodeby)"]
[Site "?"]
[Date "2009.12.05"]
[Round "3"]
[White "Ostling, Hakan"]
[Black "Nizov, Anton"]
[Result "1/2-1/2"]
[WhiteElo "2178"]
[BlackElo "2117"]
[PlyCount "89"]

1. g3 d5 2. f4 g6 3. Nf3 Bg7 4. d3 Nf6 5. Bg2 O-O 6. c3 c5 7. O-O Nc6 8. Qc2 b6
9. Na3 Qc7 10. e4 dxe4 11. Nb5 Qd7 12. dxe4 Rd8 13. a4 Bb7 14. e5 Ng4 15. h3
Nh6 16. Re1 Qd3 17. Qf2 Na5 18. e6 Nb3 19. exf7+ Nxf7 20. Ra3 Nxc1 21. Rxc1 Qd7
22. Raa1 e5 23. fxe5 Bxe5 24. Re1 Bg7 25. Qc2 Bxf3 26. Bxf3 Rab8 27. Bg4 Qb7
28. Be6 Kh8 29. Bxf7 Qxf7 30. Rf1 Qe6 31. Qg2 a6 32. Na3 Rd3 33. Rae1 Qd6 34.
Rf3 Rxf3 35. Qxf3 Qd7 36. Qg4 Qd2 37. Qe2 Qd6 38. Kh2 Rf8 39. Nc4 Qc6 40. a5 b5
41. Ne5 Qd5 42. Nd3 Rd8 43. Nf4 Qd6 44. Qg4 Bh6 45. Re6 1/2-1/2

[Event "Superettan(Rockaden,Sthlm II-Rodeby)"]
[Site "?"]
[Date "2009.12.05"]
[Round "3"]
[White "Revelj, Oskar"]
[Black "Dolgov, Mikhail"]
[Result "1-0"]
[WhiteElo "2114"]
[BlackElo "2018"]
[PlyCount "77"]

1. d4 d5 2. c4 dxc4 3. e3 Nf6 4. Bxc4 e6 5. Nf3 a6 6. O-O b5 7. Be2 c5 8. dxc5
Qxd1 9. Rxd1 Bxc5 10. Nbd2 Bb7 11. Nb3 Be7 12. Bd2 Nc6 13. Rac1 Ne4 14. Be1 Bf6
15. Nfd4 Nxd4 16. Nxd4 O-O 17. f3 Bxd4 18. Rxd4 Nf6 19. e4 Rac8 20. Rdd1 Rxc1
21. Rxc1 Rc8 22. Rxc8+ Bxc8 23. Bc3 Kf8 24. Kf2 Nd7 25. Ke3 e5 26. a4 bxa4 27.
Kd3 Ke7 28. Bd1 Kd6 29. Kc4 Nb6+ 30. Kb4 f6 31. Be2 Kc7 32. Ka5 Be6 33. Bxa6
Bb3 34. Kb4 Kd6 35. Bb5 Bd1 36. Be1 Kc7 37. Bf2 Kb7 38. Bc5 Kc7 39. Bf8 1-0

[Event "Superettan(Rockaden,Sthlm II-Rodeby)"]
[Site "?"]
[Date "2009.12.05"]
[Round "3"]
[White "Eriksson, Bengt"]
[Black "Kyhle, Bo"]
[Result "1/2-1/2"]
[WhiteElo "2009"]
[BlackElo "2111"]
[PlyCount "93"]

1. d4 d6 2. c4 g6 3. Nc3 Bg7 4. e4 Nf6 5. Be2 O-O 6. Bg5 h6 7. Be3 c5 8. dxc5
Qa5 9. Bd2 Qxc5 10. Nf3 Bg4 11. b3 Bxf3 12. Bxf3 Nc6 13. Na4 Qe5 14. Bc3 Qe6
15. O-O Ne5 16. Re1 Rfc8 17. Rc1 h5 18. h3 Rab8 19. Be2 Bh6 20. Rc2 Kh7 21. Bf3
Rg8 22. Bd4 b6 23. Kh1 h4 24. Rc3 Bf4 25. Bxe5 Qxe5 26. Rd3 Rbc8 27. Nc3 Qa5
28. Qe2 Qg5 29. Nd5 Nxd5 30. Rxd5 Be5 31. Bg4 Rc5 32. Qf3 Qf4 33. Qxf4 Bxf4 34.
Kg1 e6 35. Rxc5 bxc5 36. Rd1 g5 37. Kf1 Rb8 38. Rd3 Kg7 39. Ke2 Rb4 40. Rc3 a5
41. a3 Rb8 42. a4 Be5 43. Rd3 Rb7 44. Rf3 Kg6 45. Ke1 Bf4 46. Rd3 Kf6 47. Kd1
1/2-1/2

[Event "Superettan(Rockaden,Sthlm II-Rodeby)"]
[Site "?"]
[Date "2009.12.05"]
[Round "3"]
[White "Olund, Joar"]
[Black "Bernhardsson, Sten"]
[Result "1/2-1/2"]
[WhiteElo "1934"]
[BlackElo "2071"]
[PlyCount "51"]

1. d4 d5 2. Nf3 Nf6 3. c4 e6 4. Nc3 Be7 5. Bg5 O-O 6. e3 Nbd7 7. Bd3 dxc4 8.
Bxc4 c5 9. O-O a6 10. a4 cxd4 11. exd4 Nb6 12. Bb3 Nbd5 13. Re1 Bd7 14. Nxd5
Nxd5 15. Bxd5 Bxg5 16. Bxb7 Ra7 17. Be4 Bf6 18. Ra3 Qa5 19. Ne5 g6 20. Ree3 Rc8
21. Qe1 Qb6 22. Rec3 Bxe5 23. Rxc8+ Bxc8 24. dxe5 Qxb2 25. Qc3 Qb8 26. Rb3
1/2-1/2

[Event "Superettan(Solna-Orgryte)"]
[Site "?"]
[Date "2009.12.05"]
[Round "3"]
[White "Ziegler, Ari"]
[Black "Jonsson, Mikael"]
[Result "1-0"]
[WhiteElo "2403"]
[BlackElo "2327"]
[PlyCount "79"]
[EventDate "2009.??.??"]
[SourceDate "2009.12.14"]

1. e4 e5 2. Nf3 Nc6 3. Bc4 Nf6 4. Ng5 d5 5. exd5 Na5 6. Bb5+ c6 7. dxc6 bxc6 8.
Qf3 Rb8 9. Bd3 Be7 10. O-O O-O 11. b3 g6 12. Bb2 Nd7 13. h4 h6 14. Ne4 f5 15.
Qg3 Qe8 16. Bc3 Nb7 17. Bc4+ Kh7 18. Ng5+ Bxg5 19. hxg5 Nd6 20. gxh6 Nxc4 21.
bxc4 f4 22. Qh4 f3 23. Re1 c5 24. d3 Bb7 25. Nd2 Rf5 26. Ne4 Bxe4 27. Rxe4 Rb6
28. g4 g5 29. Qg3 Rf4 30. Rxf4 gxf4 31. Qxf3 Rg6 32. Rb1 Qe6 33. Rb7 Rxg4+ 34.
Kf1 Kxh6 35. Qd5 Qxd5 36. cxd5 Nb6 37. d6 Kg6 38. d7 Nxd7 39. Rxd7 Kf6 40. Rxa7
1-0

[Event "Superettan(Solna-Orgryte)"]
[Site "?"]
[Date "2009.12.05"]
[Round "3"]
[White "Bergstrom, Christer"]
[Black "Frisk Kockum, Anton"]
[Result "1-0"]
[WhiteElo "2345"]
[BlackElo "2324"]
[PlyCount "133"]
[EventDate "2009.??.??"]

1. Nf3 f5 2. c4 Nf6 3. d4 g6 4. Nc3 Bg7 5. g3 O-O 6. Bg2 d6 7. O-O Nc6 8. b3 e5
9. dxe5 dxe5 10. Ba3 Re8 11. Qxd8 Rxd8 12. Rad1 Rxd1 13. Rxd1 e4 14. Ng5 h6 15.
Nh3 g5 16. f3 exf3 17. exf3 Be6 18. f4 g4 19. Nf2 Ne8 20. Nd5 Kf7 21. Nd3 Rd8
22. Kf1 a5 23. Re1 Bd4 24. Nc5 Bc8 25. Nxb7 Bxb7 26. Ne7 Bc3 27. Nxc6 Bxc6 28.
Re7+ Kf6 29. Bxc6 Rd1+ 30. Kf2 Nd6 31. Rxc7 Ne4+ 32. Bxe4 fxe4 33. Rc6+ Kf5 34.
Rd6 Ra1 35. Rd5+ Kf6 36. Bc5 Rxa2+ 37. Ke3 Rxh2 38. Kxe4 h5 39. Rd6+ Kf7 40.
Kf5 h4 41. Rd7+ Ke8 42. Rd3 Bb2 43. gxh4 Rxh4 44. Kg5 Rh3 45. Re3+ Kd7 46. Kxg4
Rh7 47. Bd4 Bxd4 48. Rd3 Ke6 49. Rxd4 Rg7+ 50. Kf3 Rb7 51. Rd3 Rb4 52. Re3+ Kf6
53. Rc3 Kf5 54. Ke3 a4 55. bxa4 Rxa4 56. Rc1 Rb4 57. Kd4 Kxf4 58. Rf1+ Kg5 59.
Kd5 Rb2 60. c5 Rc2 61. c6 Kg6 62. Kd6 Kg7 63. c7 Rd2+ 64. Kc6 Rc2+ 65. Kb7 Rb2+
66. Kc8 Rc2 67. Rd1 1-0

[Event "Superettan(Solna-Orgryte)"]
[Site "?"]
[Date "2009.12.05"]
[Round "3"]
[White "Arnelind, Mikael"]
[Black "Lindberg, Bengt"]
[Result "1/2-1/2"]
[WhiteElo "2245"]
[BlackElo "2444"]
[PlyCount "127"]
[EventDate "2009.??.??"]

1. d4 Nf6 2. c4 e6 3. Nc3 Bb4 4. e3 b6 5. Nf3 Bb7 6. Bd3 Ne4 7. O-O Bxc3 8.
bxc3 f5 9. Nd2 O-O 10. f3 Nxd2 11. Bxd2 Nc6 12. e4 f4 13. e5 d6 14. exd6 Qxd6
15. Qc2 h6 16. Rfe1 Rad8 17. Kh1 Kh8 18. Rab1 e5 19. d5 Na5 20. Bc1 c6 21. dxc6
Bxc6 22. Bf1 Rfe8 23. Bb2 Qc5 24. Qf5 e4 25. Qxc5 bxc5 26. fxe4 Bxe4 27. Rbd1
Rxd1 28. Rxd1 f3 29. Ba3 Nb7 30. Rd2 fxg2+ 31. Bxg2 Bxg2+ 32. Kxg2 Re3 33. Kf1
Rxc3 34. Bb2 Rf3+ 35. Kg2 Rf7 36. Rd5 Kg8 37. Ba3 Rc7 38. Kh3 Kf7 39. Kg4 g6
40. Kf4 Ke6 41. Ke4 Rc6 42. h3 Ra6 43. Bxc5 Rxa2 44. Re5+ Kf6 45. Be7+ Kf7 46.
Kd5 Rc2 47. Bb4 a5 48. Re7+ Kf6 49. Rxb7 axb4 50. Rxb4 Rc3 51. Rb6+ Kf5 52. c5
Rxh3 53. c6 Rd3+ 54. Kc5 Rd8 55. c7 Rc8 56. Kd6 h5 57. Rb8 Rxc7 58. Kxc7 h4 59.
Kd6 g5 60. Rh8 Kf4 61. Ke6 Kg3 62. Kf5 h3 63. Kxg5 h2 64. Rxh2 1/2-1/2